Day by day account of Rajiv Gandhi, 1944-1991 / (Record no. 136495)

MARC details
000 -LEADER
fixed length control field 00787nam a2200229 4500
010 ## - LIBRARY OF CONGRESS CONTROL NUMBER
LC control number A-609569
020 ## - INTERNATIONAL STANDARD BOOK NUMBER
International Standard Book Number 8185887055(Set)
035 ## - SYSTEM CONTROL NUMBER
System control number A-609569
037 ## - SOURCE OF ACQUISITION
Source of stock number/acquisition Cen Lib / Ret
040 ## - CATALOGING SOURCE
Original cataloging agency DPL
Language of cataloging EN
082 ## - DEWEY DECIMAL CLASSIFICATION NUMBER
Classification number 921
Item number GAN
100 ## - MAIN ENTRY--PERSONAL NAME
Personal name Gandhi, Rajiv
245 ## - TITLE STATEMENT
Title Day by day account of Rajiv Gandhi, 1944-1991 /
Statement of responsibility, etc by Rajiv Gandhi ; S. K. Dhanwan ; foreword Jagdish Tytler
260 ## - PUBLICATION, DISTRIBUTION, ETC. (IMPRINT)
Place of publication, distribution, etc Delhi
Name of publisher, distributor, etc Wave Publications
Date of publication, distribution, etc 1993
270 ## - ADDRESS
Address 721 Mukherjee Nagar
City Delhi
Postal code 110009
300 ## - PHYSICAL DESCRIPTION
Extent v 2 . 759-1317 ;
Other physical details 24cm(HB)
650 ## - SUBJECT ADDED ENTRY--TOPICAL TERM
Topical term or geographic name as entry element Gandhi, Rajiv, -- 1944-1991 -- Chronology.
650 ## - SUBJECT ADDED ENTRY--TOPICAL TERM
Topical term or geographic name as entry element Prime ministers -- India -- Biography.
650 ## - SUBJECT ADDED ENTRY--TOPICAL TERM
Topical term or geographic name as entry element India -- Politics and government -- 1977- -- Chronology.
700 ## - ADDED ENTRY--PERSONAL NAME
Personal name Tytler, Jagdish
942 ## - ADDED ENTRY ELEMENTS (KOHA)
Source of classification or shelving scheme Dewey Decimal Classification
Koha item type English Books
Classification part 921
Call number suffix GAN
Holdings
Withdrawn status Lost status Materials specified (bound volume or other part) Damaged status Not for loan Collection code Home library Current library Date acquired Source of acquisition Total Checkouts Full call number Barcode Date last seen Price effective from Koha item type
    v 2   Not For Loan Reference Central Library Central Library 03/03/2016 Cen Lib/Ret   921 GAN A-609569 03/03/2016 03/03/2016 English Books

© Delhi Public Library
Hit Counter
free hit counter